00826nam a2200229 a 450000100100000000500170001000800410002704000250006804100390009308200220013210000300015424000400018424500820022425000110030626000350031730000260035249000230037850400430040153400990044470000300054383000230057300002421620200930022821.0110120s1968 ag r 000 0 spa d aDO-SdBNPbspacBNPHU17aspabfre2Código de idiomas MARC annnnbC211r, 19681 aCamus, Albert,d1913-196012aL´envers et l´endroit.lEspañol13aEl revés y el derecho /cAlbert Camus ; traducción de Alberto Luis Bixio. a3a ed. aBuenos Aires :bLosada,c1968. a126, [2] p. ;c20 cm.1 aCristal del Tiempo aIncluye notas al pie de las páginas. pTítulo original en francés.tL´envers et l´endroit.cParís : Librairie Gallsmard, 19581 aBixio, Alberto Luis,etr. 0aCristal del Tiempo